| 000 | 00460nam a22001697a 4500 | ||
|---|---|---|---|
| 003 | OSt | ||
| 005 | 20140310181750.0 | ||
| 008 | 130626t xxu||||| |||| 00| 0 eng d | ||
| 050 |
_aRC 464 _b.P438 1976 |
||
| 082 |
_aFIL 306.76 _bPE41 1976 |
||
| 100 | _aPerez, Tony | ||
| 245 |
_aAlbert N. : _ba case study by Tony Perez / _cTony Perez. |
||
| 260 |
_aManila Philippines : _bJournal Press. _c1976. |
||
| 300 |
_a182 p. _c18 cm. |
||
| 942 |
_2lcc _cBK |
||
| 999 |
_c3165 _d3165 |
||